The psychology of learning and motivation: advances in research and theory vol. 22/

Saved in:
Bibliographic Details
Format: Book
Published: London: Academic press, 1988.
Subjects:
Tags: Add Tag
No Tags, Be the first to tag this record!

MARC

LEADER 00000nam a22000007a 4500
020 |a 0125433220  |c TZS 13000/= 
040 |a MUL  |b eng.  |e AACR 
082 |a 370.15 PSY 
245 |a The psychology of learning and motivation:  |b advances in research and theory vol. 22/  |c Gordon H. Bower 
260 |a London:  |b Academic press,  |c 1988. 
300 |a ix, 371p. ;  |c 23 cm. 
504 |a Includes bibliographical references and index  
650 |a Education development 
650 |a Education psychology 
942 |c BK 
999 |c 1858  |d 1858